La situación jurídica de los hijos de los cautivos de guerra

Uloženo v:
Podrobná bibliografie
Hlavní autor: Montañana Casaní, Amparo (autora)
Médium: Kniha
Jazyk:španělština
Vydáno: Valencia Tirant to Blanch 1996
Edice:Tirant Monografías, 43
Témata:
Tagy: Přidat tag
Žádné tagy, Buďte první, kdo vytvoří štítek k tomuto záznamu!

MARC

LEADER 00000nam a2200000 a 4500
001 UCR1655
003 CL-VaPUC
008 971219e19960000SP |||||||||||||||||spa|d
082 0 4 |a 340.54  |b MON  |2 21 
100 |a Montañana Casaní, Amparo  |e autora  |9 432802 
245 1 3 |a La situación jurídica de los hijos de los cautivos de guerra 
300 |a 197 p 
942 |c BK 
945 |d 19971219 00:00:00  |a aolguin 
260 |a Valencia  |b Tirant to Blanch  |c 1996 
650 0 |a Derecho romano  |9 255930 
650 0 |a Hijos  |9 353490 
650 0 |a Prisioneros de guerra  |9 350908 
650 7 |a SITUACION JURIDICA  |2 CL-VaPUC  |9 398964 
650 7 |a SUCESION  |2 CL-VaPUC  |9 375829 
650 0 |a Bienes  |9 255749 
650 0 |a Obligaciones   |9 255578 
583 |a last modification  |c 19971219 00:00:00  |k Rodrigo Vera 
490 0 |a Tirant Monografías, 43 
999 |c 265022  |d 265020 
952 |0 0  |1 0  |4 0  |6 340_540000000000000_MON_1996  |7 0  |8 A  |9 295797  |a BIBDER  |b BIBDER  |d 2019-11-20  |i 1918567  |o 340.54 MON 1996  |p 1918567  |r 2023-01-25  |w 2019-11-20  |y BK  |k DER 
952 |0 0  |1 0  |4 0  |6 340_540000000000000_MON_1996  |7 0  |8 DER_ROM  |9 295798  |a BIBDER  |b BIBDER  |d 2019-11-20  |i 3670503  |o 340.54 MON 1996  |p 3670503  |r 2023-01-25  |w 2019-11-20  |x Ubicación 4to piso  |y BK  |z Este recurso debe solicitarse con anticipación  |k DER